000 00441nam a22001577a 4500
005 20251108172027.0
008 250721s1985 xx 000 0 ara d
082 1 4 _a812/محم
100 1 _aسلماوي، محمد
245 1 0 _aالقاتل خارج السجن /
264 1 _aالقاهرة :
_bدار ألف للنشر،
_c1985.
300 _a118ص
650 1 7 _aالمسرحية العربية
942 _2ddc
_cBK
999 _c68585
_d68585